Adam Małysz - quiz wielokrotnego wyboru - Statystyki

Ogólne statystyki
  • Ten quiz został rozwiązany 354 razy
    343 od ostatniego zresetowania
  • Średni wynik to 11 z 15
Statystyki odpowiedzi
Zagadnienie Odpowiedź % Poprawnych
Jaki pseudonim nadano Adamowi Małyszowi? Orzeł z Wisły
95%
W jakiej miejscowości urodził się Adam Małysz? Wisła
95%
W którym roku Adam Małysz po raz pierwszy zdobył medal olimpijski? 2002 w Salt Lake City
88%
Jaki rekord skoczni wyrównał Adam Małysz w 2003 roku w Planicy? 225m
84%
Który z poniższych zawodników był rywalem Adama Małysza w walce o Kryształową Kulę w 2001 roku? Martin Schmitt
79%
Po zakończeniu kariery sportowej Adam Małysz podjął pracę jako(już nim nie jest): Rajdowiec
79%
Kiedy Adam Małysz po raz pierwszy wystartował w Pucharze Świata w skokach narciarskich? 1995
75%
W jakim roku Adam Małysz po raz pierwszy zdobył złoty medal mistrzostw świata w skokach narciarskich? 2001
74%
W którym roku Adam Małysz zakończył swoją karierę sportową? 2011
73%
W którym roku Adam Małysz zdobył pierwsze podium w zawodach Pucharu Świata? 1996
72%
Ile razy Adam Małysz zdobył Kryształową Kulę za zwycięstwo w Pucharze Świata? 4
71%
Gdzie Adam Małysz wygrał swoje pierwsze zawody Pucharu Świata? Oslo
59%
Jakie miejsce zajmuje Adam Małysz na liście najwięcej wygranych konkursów Pucharu Świata w historii? 4
46%
Ile medali Adam Małysz zdobył podczas Mistrzostw Świata? 6
43%
Adam Małysz jako skoczek narciarski specjalizował się głównie w skokach na skoczniach: Dużych
43%
Nie znaleziono quizów pasujących do podanych kryteriów
Rozkład punktacji
Procent ludzi z każdym wynikiem
Percentyl według liczby udzielonych odpowiedzi
Twoja historia wyników
Nie rozwiązałeś tego quizu od ostatniego zresetowania